Fermentation technology

Bibliographic Details
Main Author: Srivastava, M. L. (Author)
Format: Book
Published: Oxford, U.K : Alpha Science International , c2008
Subjects:

MARC

LEADER 00000cam a2200000 7i4500
001 0000055430
005 20080707093000.0
008 080305s2008 -uk eng
020 |a 1842654268 
020 |a 9781842654262 
090 0 0 |a TP156.F4   |b M36 2008 
100 1 |a Srivastava, M. L. ,   |e author 
245 1 0 |a Fermentation technology   |c M.L. Srivastava 
260 |a Oxford, U.K :   |b Alpha Science International ,   |c c2008 
300 |a x, 391 p. :   |b ill. ;   |c 25 cm. 
504 |a Includes bibliographical references and index 
505 0 |a 1. Fermentation: Scope and Importance -- 2. Production Media -- 3. Industrial Microbiology -- 4. Industrial Sterilization -- 5. Selection, Scale up and Scale down -- 6. Inoculum Preparation and Strain Improvement -- 7. Fermentor Design -- 8. Aeration and Heat Transfer -- 9. Instrumentation and Control -- 10. Computers in Fermentation -- 11. Continuous Fermentation -- 12. Biomass Production -- 13. Enzyme Production -- 14. Fermented Foods -- 15. Microbial Healthcare Products -- 16. Effluent Treatment -- 17. Downstream Processing -- 18. Bioenergy from Waste -- 19. Intellectual Property Rights and Patent 
650 0 |a Fermentation 
999 |a 1000117125   |b Book   |c OPEN SHELF (30 DAYS)   |e Tembila Campus